000 01039cab a22002055a 4500
001 L154826
008 120123e20120113xxk 000 0 eng d
035 _a(Sirsi) u154826
041 0 _aeng
100 1 _aEade, Christine
245 0 0 _aMarkets
_bDevon and Cornwall
260 _c2012
490 0 _aProperty Week
_v78(02) 13 January 2012, 39-44(4)
520 _aLocal authority action finally bring buyers to the plethora of new holiday flat schemes which are empty in Cornish resorts. The west side of Plymouth's crumbling city centre could be revived by Morrisons' development of a supermarket on the 3.25 acre Colin Campbell Court site. Cornish Pirates rugby union team has signed a 10-year lease on a new 10 000-seater stadium in Truro. Land Securities' plans to open the UK's first mini John Lewis in Exeter have been put into a state of flux as the future of the larger bus station site needs to be rethought.
590 _aKA
651 4 _aDevon
651 4 _aCornwall
690 _aCommercial property
_96227
942 _n0
999 _c83720
_d83720